Miera a integrál

Guardado en:
Detalles Bibliográficos
Formato: Libro
Lenguaje:eslovaco
Publicado: Bratislava VEDA 1981
Etiquetas: Agregar Etiqueta
Sin Etiquetas, Sea el primero en etiquetar este registro!

MARC

LEADER 00000nam a2200000 4500
001 c111512
005 20260327071154.2
041 0 |a slo 
044 |a SK 
245 1 0 |a Miera a integrál  |c Tibor Neubrunn, Beloslav Riečan 
264 1 |a Bratislava  |b VEDA  |c 1981 
300 |a 554 s.